000 00353nam a2200145Ia 4500
008 230917s9999||||xx |||||||||||||| ||und||
040 _e163604
_aMAIN
041 _aEnglish
082 _a821.8 E46M
100 _aEliot, T S
245 0 _aMurder in the Cathedral
260 _aMumbai
_bOxford University Press
_c1994
300 _a157 p.
942 _cBK
999 _c232618
_d232618